000 00744nam a2200217 i 4500
001 105505
003 ES-MaACL
005 20230906183916.0
007 t|
008 060720s1975 fr |||| | spa d
080 _a32(466)"1975"
245 0 0 _aEuskadi, el último estado de excepción de Franco /
_c[elaborado por el equipo redactor de] Noticias del País Vasco.
250 _a1ª ed.
260 _aParís :
_bRuedo Ibérico,
_c1975.
300 _a173 p. ;
_c22 cm.
650 4 _aRepresión política-
_zPaís Vasco-
_y1939-1975.
_9168637
710 2 _aNoticias del País Vasco (Firma)
_9168638
710 2 _aÉditions Ruedo ibérico.
_9145333
852 _aES-MaACL
_jAND-317
_z- Biblioteca Juan Andrade
852 _aES-MaACL
_jL-3119
999 _c105505
_d105505